000 00693nam a22001935i 4500
001 168697
003 ES-MaACL
005 20230906213848.0
008 080513s2007 sp |||| | spa d
080 _a929 Diamante Cabrera, Julián
080 _a94(460)"1936/39"(093.3)
100 1 _aDiamante Cabrera, Julián.
_9137783
245 1 0 _aMis recuerdos de la guerra civil española.
250 _a1ª ed.
260 _aMadrid :
_bInstituto de Mayores y Servicios Sociales,
_c2007.
300 _a205 p. :
_bfot. ;
_c26 cm.
651 4 _aEspaña-
_xHistoria-
_y1936-1939, Guerra civil-
_vRelatos personales.
_98326
852 4 _aES-MaACL
_jL-29481
_9R.143214
_z. - Ded. autógr. de Julio Diamante
999 _c168697
_d168697